<?xml version="1.0" encoding="UTF-8"?>
<record
    xmlns:xsi="http://www.w3.org/2001/XMLSchema-instance"
    xsi:schemaLocation="http://www.loc.gov/MARC21/slim http://www.loc.gov/standards/marcxml/schema/MARC21slim.xsd"
    xmlns="http://www.loc.gov/MARC21/slim">

  <leader>00941nam a22002535i 4500</leader>
  <controlfield tag="001">155548</controlfield>
  <controlfield tag="003">ES-MaACL</controlfield>
  <controlfield tag="005">20260616130212.0</controlfield>
  <controlfield tag="008">001130s1796    fr           |||| | fre d</controlfield>
  <datafield tag="040" ind1=" " ind2=" ">
    <subfield code="a">AN</subfield>
    <subfield code="b">spa</subfield>
    <subfield code="c">AN</subfield>
  </datafield>
  <datafield tag="100" ind1="0" ind2=" ">
    <subfield code="a">Homero</subfield>
    <subfield code="9">64112</subfield>
  </datafield>
  <datafield tag="245" ind1="1" ind2="2">
    <subfield code="a">L'Iliade d'Homere</subfield>
    <subfield code="b">: avec des remarques /</subfield>
    <subfield code="c">pr&#xE9;c&#xE9;d&#xE9;e de r&#xE9;flexions sur Homere &amp; sur la traduction des potes par M. Bitaub ... ; tome second.</subfield>
  </datafield>
  <datafield tag="250" ind1=" " ind2=" ">
    <subfield code="a">Troisieme &#xE9;dition.</subfield>
  </datafield>
  <datafield tag="260" ind1=" " ind2=" ">
    <subfield code="a">A Lyon :</subfield>
    <subfield code="b">chez Bruyset &amp; Ce.,</subfield>
    <subfield code="c">1796.</subfield>
  </datafield>
  <datafield tag="300" ind1=" " ind2=" ">
    <subfield code="a">[4], 267 p. ;</subfield>
    <subfield code="c">12&#xBA;.</subfield>
  </datafield>
  <datafield tag="594" ind1=" " ind2="1">
    <subfield code="a">T&#xED;t. en antep.: "Oeuures d'Homere, tome second"</subfield>
  </datafield>
  <datafield tag="595" ind1=" " ind2="1">
    <subfield code="a">Datos de ed. preceden a "tome second"</subfield>
  </datafield>
  <datafield tag="597" ind1=" " ind2="1">
    <subfield code="a">Sign.: []\p2\s, A-O\p12/6\s, P\p8\s.</subfield>
  </datafield>
  <datafield tag="597" ind1=" " ind2="1">
    <subfield code="a">Port. con grab. xil.</subfield>
  </datafield>
  <datafield tag="752" ind1=" " ind2=" ">
    <subfield code="a">Francia -</subfield>
    <subfield code="d">Lyon</subfield>
  </datafield>
  <datafield tag="852" ind1=" " ind2=" ">
    <subfield code="a">ES-MaACL</subfield>
    <subfield code="j">R-1677-88</subfield>
    <subfield code="z">-- Enc. pasta espa&#xF1;ola</subfield>
    <subfield code="x">-- Edic.: Corregir "Bitaub" por "Bitaub&#xE9;"</subfield>
    <subfield code="x">Olim: F-625-36</subfield>
  </datafield>
  <datafield tag="999" ind1=" " ind2=" ">
    <subfield code="c">155548</subfield>
    <subfield code="d">155548</subfield>
  </datafield>
  <datafield tag="952" ind1=" " ind2=" ">
    <subfield code="0">0</subfield>
    <subfield code="1">0</subfield>
    <subfield code="4">0</subfield>
    <subfield code="7">0</subfield>
    <subfield code="8">LIBXVIII</subfield>
    <subfield code="a">ATENEOM</subfield>
    <subfield code="b">ATENEOM</subfield>
    <subfield code="c">DEPO</subfield>
    <subfield code="d">2008-01-17</subfield>
    <subfield code="l">0</subfield>
    <subfield code="o">R-1677-88</subfield>
    <subfield code="p">1162707</subfield>
    <subfield code="r">2023-02-23 00:00:00</subfield>
    <subfield code="w">2023-02-23</subfield>
    <subfield code="y">MONANT</subfield>
  </datafield>
</record>
